| Tag |
First Indicator |
Second Indicator |
Subfields |
| LEADER |
00000pam a2200000 a 4500 |
| 001 |
in00000083785 |
| 005 |
20151008054311.0 |
| 008 |
801105s1981 nyu b 00100 engm |
| 010 |
|
|
|a 80026826
|
| 020 |
|
|
|a 0063886359
|
| 035 |
|
|
|a (OCoLC)06982678
|
| 035 |
|
|
|9 AAJ0250AM
|
| 040 |
|
|
|a DLC
|c DLC
|d m.c.
|d TXA
|d UtOrBLW
|
| 049 |
|
|
|a TXAM
|c [932748]
|
| 050 |
0 |
0 |
|a PE1408
|b .F547
|
| 082 |
0 |
|
|a 808/.042
|2 19
|
| 245 |
0 |
0 |
|a Four worlds of writing /
|c Janice M. Lauer [and others] ; consulting editor, Gary Tate.
|
| 264 |
|
1 |
|a New York, N.Y. :
|b Harper & Row,
|c [1981]
|
| 264 |
|
4 |
|c ©1981
|
| 300 |
|
|
|a xvii, 423 pages ;
|c 24 cm.
|
| 336 |
|
|
|a text
|b txt
|2 rdacontent
|
| 337 |
|
|
|a unmediated
|b n
|2 rdamedia
|
| 338 |
|
|
|a volume
|b nc
|2 rdacarrier
|
| 504 |
|
|
|a Includes bibliographical references and index.
|
| 650 |
|
0 |
|a English language
|x Rhetoric.
|
| 650 |
|
0 |
|a English language
|x Grammar.
|
| 700 |
1 |
|
|a Lauer, Janice M.
|
| 700 |
1 |
|
|a Tate, Gary.
|
| 999 |
|
|
|a MARS
|
| 999 |
f |
f |
|s b53d6edb-8aeb-32de-803e-fd50b892961c
|i 4190fddc-c686-3ca1-84a2-e3f25dafe154
|t 0
|
| 952 |
f |
f |
|p ric
|a Texas A&M University
|b Rellis Campus
|c Joint Library Facility
|s JLF
|d Remote Storage
|t 0
|e PE1408 .F547
|h Library of Congress classification
|i unmediated -- volume
|m A14806174781
|
| 998 |
f |
f |
|a PE1408 .F547
|t 0
|l Remote Storage
|